Statystyki dla Wszyscy zwycięzcy DMP od 1980 roku!

Kliknij tutaj aby rozwiązać quiz!

Ogólne statystyki

  • Ten quiz został rozwiązany 110 razy
  • Średni wynik to 18 z 42

Statystyki odpowiedzi

HintOdpowiedź% Poprawnych
2021Sparta Wrocław
100%
2020Unia Leszno
95%
2018Unia Leszno
94%
2019Unia Leszno
93%
2017Unia Leszno
93%
2016Stal Gorzów
83%
2015Unia Leszno
80%
2013Falubaz Zielona Góra
70%
2014Stal Gorzów
69%
2012Unia Tarnów
66%
2010Unia Leszno
63%
2011Falubaz Zielona Góra
59%
2007Unia Leszno
55%
2009Falubaz Zielona Góra
53%
2008Unibax Toruń
50%
2005Unia Tarnów
36%
2002Polonia Bydgoszcz
35%
2003Włókniarz Częstochowa
35%
1980Unia Leszno
34%
2004Unia Tarnów
34%
1987Unia Leszno
30%
2000Polonia Bydgoszcz
29%
1999Polonia Piła
28%
1989Unia Leszno
28%
1998Polonia Bydgoszcz
27%
2001Apator Toruń
26%
1982Falubaz Zielona Góra
24%
1988Unia Leszno
24%
1996Włókniarz Częstochowa
24%
1981Falubaz Zielona Góra
23%
1997Polonia Bydgoszcz
23%
1992Polonia Bydgoszcz
23%
2006WTS Wrocław
23%
1990Apator Toruń
22%
1986Apator Toruń
22%
1985Falubaz Zielona Góra
22%
1983Stal Gorzów
21%
1993WTS Wrocław
19%
1984Stal Gorzów
19%
1994WTS Wrocław
19%
1995WTS Wrocław
19%
1991Morawski Zielona Góra
15%

Rozkład punktacji

Percentyl według liczby udzielonych odpowiedzi

Procent ludzi z każdym wynikiem

Twoja historia wyników

Nie rozwiązałeś tego quizu